La escuela histológica española / (Record no. 91952)

MARC details
000 -LEADER
campo de control de longitud fija 01337nam a2200241 i 4500
001 - NÚMERO DE CONTROL
campo de control 91952
003 - IDENTIFICADOR DE NÚMERO DE CONTROL
campo de control ES-MaACL
005 - FECHA Y HORA DE LA ÚLTIMA TRANSACCIÓN
campo de control 20230906180849.0
007 - CAMPO FIJO DE DESCRIPCIÓN FÍSICA--INFORMACIÓN GENERAL
campo de control de longitud fija t|
008 - DATOS DE LONGITUD FIJA--INFORMACIÓN GENERAL
campo de control de longitud fija 050309m19962003sp ||||1| spa d
020 ## - NÚMERO INTERNACIONAL ESTÁNDAR DEL LIBRO
Número Internacional Estándar del Libro 84-8138-135-7
080 ## - NÚMERO DE LA CLASIFICACIÓN DECIMAL UNIVERSAL
Número de la Clasificación Decimal Universal 611.018(460)"18"
100 1# - ENTRADA PRINCIPAL--NOMBRE DE PERSONA
Nombre de persona González Santander, Rafael.
9 (RLIN) 58959
245 13 - MENCIÓN DEL TÍTULO
Título La escuela histológica española /
Mención de responsabilidad, etc. Rafael González Santander.
260 ## - PUBLICACIÓN, DISTRIBUCIÓN, ETC.
Lugar de publicación, distribución, etc. [Alcalá de Henares] :
Nombre del editor, distribuidor, etc. Universidad de Alcalá, Servicio de Publicaciones,
Fecha de publicación, distribución, etc. 1996-2003.
300 ## - DESCRIPCIÓN FÍSICA
Extensión 6 v. :
Otras características físicas il. ;
Dimensiones 24 cm.
505 8# - NOTA DE CONTENIDO CON FORMATO
Nota de contenido con formato Contiene: 1. Comienzos y antecedentes - 2. La Sociedad Española de Histología - 3. Oposiciones a cátedras de histología y anatomía patológica, currículum académico y científico de sus catedráticos (1873-1950) - 4. Expansión y repercusión internacional, Cajal, Río Hortega y sus discípulos - 5. Oposiciones a cátedras de histología y anatomía patológica, currículum académico y científico de sus catedráticos (1950-1976) / Rafael González Santander, Marta González-Santander Martínez - 6. El Instituto Cajal (1920-1935)
610 24 - PUNTO DE ACCESO ADICIONAL DE MATERIA--NOMBRE DE ENTIDAD CORPORATIVA
Nombre de entidad corporativa o nombre de jurisdicción como elemento de entrada Sociedad Española de Histología.
9 (RLIN) 172572
610 2# - PUNTO DE ACCESO ADICIONAL DE MATERIA--NOMBRE DE ENTIDAD CORPORATIVA
Nombre de entidad corporativa o nombre de jurisdicción como elemento de entrada Instituto Cajal.
9 (RLIN) 172571
650 #4 - PUNTO DE ACCESO ADICIONAL DE MATERIA--TÉRMINO DE MATERIA
Término de materia o nombre geográfico como elemento de entrada Histología-
Subdivisión geográfica España.
9 (RLIN) 172570
700 1# - ENTRADA AGREGADA--NOMBRE PERSONAL
Nombre de persona González-Santander Martínez, Marta.
9 (RLIN) 58960
852 ## - LOCALIZACIÓN
Ubicación ES-MaACL
Número de control de estantería L-29005-10
Holdings
Estatus retirado Estado de pérdida Estado de daño No para préstamo Biblioteca de origen Biblioteca actual Ubicación en estantería Fecha de adquisición Fuente de adquisición Total de préstamos Signatura topográfica completa Código de barras Visto por última vez Precio de reemplazo Tipo de ítem Koha
        Biblioteca del Ateneo de Madrid Biblioteca del Ateneo de Madrid Depósito 2 17/01/2008     L-29005-10 1096010 23/02/2023 23/02/2023 Libro impreso